Vista normal
Vista MARC
Entrada Nombre personal
Número de registros utilizados en: 1
001 - NÚMERO DE CONTROL
- Campo de control: 45630
003 - IDENTIFICADOR DE NÚMERO DE CONTROL
- Campo de control: OSt
005 - FECHA Y HORA DE LA ULTIMA MODIFICACION
- Campo de control: 20210819153433.0
008 - ELEMENTOS DE DATOS DE LONGITUD FIJA
- Campo de longitud fija: 210819|| aca||aabn | a|a d
040 ## - FUENTE DE LA CATALOGACIÓN
- Agencia original de catalogación: OSt
100 1# - ENCABEZAMIENTO--NOMBRE DE PERSONA
- Nombre personal: González Villeda, Edgardo Mauricio
670 ## - FUENTE DE DATOS ENCONTRADOS
- Fuente de citación: Investigación, Los cuidados, manejo y procesos de eneseñanza - aprendizaje de ingles, en estudiantes con autismo (TEA) en educación básica.
670 ## - FUENTE DE DATOS ENCONTRADOS
- Fuente de citación: BMC.- 19-08-2021